| 000 | 00630nam a2200217Ia 4500 | ||
|---|---|---|---|
| 001 | 8900 | ||
| 003 | GE_BSU | ||
| 008 | 181216s||||||||xx |||||||||||||| ||und|| | ||
| 040 | _cGE_BSU | ||
| 245 | _aГенетика.Том 49,№12 Декабрь 2013 | ||
| 245 | _bЕжемесячный журнал. | ||
| 245 | _cГл. ред. С.В.Шестаков и др. | ||
| 260 | _aМосква | ||
| 260 | _bНаука | ||
| 260 | _c2013 | ||
| 300 | _a1464стр.29см. | ||
| 653 | _aГенетика.Том 49,№12 Декабрь 2013 | ||
| 653 | _aПериодика | ||
| 653 | _aპერიოდიკა | ||
| 942 | _cCR | ||
| 999 |
_c42207 _d42207 |
||